<?xml version="1.0" encoding="UTF-8"?><?xml-stylesheet type="text/xsl" href="static/style.xsl"?><OAI-PMH xmlns="http://www.openarchives.org/OAI/2.0/" xmlns:xsi="http://www.w3.org/2001/XMLSchema-instance" xsi:schemaLocation="http://www.openarchives.org/OAI/2.0/ http://www.openarchives.org/OAI/2.0/OAI-PMH.xsd"><responseDate>2026-06-03T08:19:20Z</responseDate><request verb="GetRecord" identifier="oai:riuma.uma.es:10630/17875" metadataPrefix="marc">https://riuma.uma.es/rest/oai/request</request><GetRecord><record><header><identifier>oai:riuma.uma.es:10630/17875</identifier><datestamp>2026-02-03T12:14:25Z</datestamp><setSpec>com_10630_2254</setSpec><setSpec>col_10630_37959</setSpec></header><metadata><record xmlns="http://www.loc.gov/MARC21/slim" xmlns:dcterms="http://purl.org/dc/terms/" xmlns:doc="http://www.lyncode.com/xoai" xmlns:xsi="http://www.w3.org/2001/XMLSchema-instance" xsi:schemaLocation="http://www.loc.gov/MARC21/slim http://www.loc.gov/standards/marcxml/schema/MARC21slim.xsd">
   <leader>00925njm 22002777a 4500</leader>
   <datafield ind2=" " ind1=" " tag="042">
      <subfield code="a">dc</subfield>
   </datafield>
   <datafield ind2=" " ind1=" " tag="720">
      <subfield code="a">Nielsen-Rodríguez, Adriana</subfield>
      <subfield code="e">author</subfield>
   </datafield>
   <datafield ind2=" " ind1=" " tag="720">
      <subfield code="a">Romance-García, Ángel Ramón</subfield>
      <subfield code="e">author</subfield>
   </datafield>
   <datafield ind2=" " ind1=" " tag="720">
      <subfield code="a">Chinchilla-Minguet, José Luis</subfield>
      <subfield code="e">author</subfield>
   </datafield>
   <datafield ind2=" " ind1=" " tag="260">
      <subfield code="c">2019-06-25</subfield>
   </datafield>
   <datafield ind2=" " ind1=" " tag="520">
      <subfield code="a">Estudios recientes sugieren que la actividad física (AF) fomenta la neuroplasticidad, la neurogénesis y la sinaptogénesis, mejorando la función cognitiva. Por tanto la práctica de AF, establecida desde Educación Infantil (EI) mediante metodologías activas, podría estar directamente relacionada con una mejora del desarrollo cognitivo y del rendimiento académico.&#xd;
Varias investigaciones han estudiado la relación entre estas variables en niños mayores y adolescentes, pero hay muy poco publicado sobre niños de EI, por lo que es oportuno y necesario profundizar en esta área. Esto, junto con el papel esencial de esta etapa en el desarrollo y el número creciente de estudios que reconocen los beneficios de la AF en las habilidades cognitivas, hace de nuestro tema una prioridad en numerosos países.&#xd;
El proyecto se centra en el estudio de metodologías en EI relacionadas con la promoción de la AF como potenciador del desarrollo cognitivo, siendo nuestro objetivo en este documento revisar y sintetizar la literatura, examinando la asociación entre AF, habilidades cognitivas y rendimiento académico durante la primera infancia, y establecer las fases necesarias para alcanzar los objetivos generales.&#xd;
Se identificaron investigaciones relevantes mediante una búsqueda en bases de datos y algunos artículos y libros adicionales se identificaron a partir de las referencias de los estudios incluidos y se agregaron a la revisión.&#xd;
Los resultados sugieren que la AF facilita la neuroplasticidad y que los niños más activos muestran una mayor integridad de la materia blanca y mayor volumen de los ganglios basales y del hipocampo, patrones más eficientes de actividad cerebral y un rendimiento cognitivo superior. En las siguientes fases, esperamos profundizar el conocimiento de las metodologías activas junto con la relación entre la AF y el desarrollo cognitivo infantil, contribuyendo a establecer hábitos más activos en las escuelas.</subfield>
   </datafield>
   <datafield ind1="8" ind2=" " tag="024">
      <subfield code="a">https://hdl.handle.net/10630/17875</subfield>
   </datafield>
   <datafield tag="653" ind2=" " ind1=" ">
      <subfield code="a">Actividad física</subfield>
   </datafield>
   <datafield tag="653" ind2=" " ind1=" ">
      <subfield code="a">Educación infantil</subfield>
   </datafield>
   <datafield ind2="0" ind1="0" tag="245">
      <subfield code="a">Actividad física y desarrollo cognitivo en educación infantil</subfield>
   </datafield>
</record>
</metadata></record></GetRecord></OAI-PMH>